| 000 | 00537cam a2200217ua 4500 | ||
|---|---|---|---|
| 020 | _c5.00 | ||
| 041 |
_aeng _h |
||
| 082 |
_a823.308 _bDIC/OL |
||
| 100 | _aDickens, Charles . | ||
| 245 |
_aOliver Twist / _cCharles Dickens. _hTextual Documents |
||
| 260 |
_aLondon : _bGinn and company ltd , _c1961. |
||
| 300 | _a180 ; . | ||
| 365 | _a5.00 | ||
| 440 | 0 |
_aShorter classics, _v _x; |
|
| 490 | 0 |
_aShorter classics, _v _x; |
|
| 504 | _a | ||
| 942 | _cBK | ||
| 999 |
_c907 _d907 |
||